000 00324nam a22001337a 4500
020 _a978-1-4072-1915-8
082 _a823
_bSIM/H
100 _aFRANCESCA SIMON
245 _aHORRID HENRY MEETS THE QUEEN
260 _aUNITED KINGDOM
_bORION
_c2004
300 _a73
650 _aCHILDREN'S STORY BOOKS
_zUNITED KINGDOM
942 _cBK
999 _c60
_d60